Participación y democracia en Costa Rica /
Kaydedildi:
| Yazar: | |
|---|---|
| Materyal Türü: | Kitap |
| Dil: | Spanish |
| Etiketler: |
Etiketle
Etiket eklenmemiş, İlk siz ekleyin!
|
MARC
| LEADER | 00000nam a22000007a 4500 | ||
|---|---|---|---|
| 003 | cru CIDCACS/IIS | ||
| 005 | 20180601062533.0 | ||
| 007 | ta | ||
| 008 | 180531t2001 es |||||r|||||||| ||spa|d | ||
| 999 | |c 41495 |d 41495 | ||
| 040 | |c cru CIDCACS/IIS | ||
| 100 | 1 | |a Rojas Bolaños, Manuel |9 4426 | |
| 245 | 1 | |a Participación y democracia en Costa Rica / |c Manuel Rojas Bolaños | |
| 300 | |a páginas 147-170: |b tablas, gráficos | ||
| 773 | 0 | |0 41490 |9 2057 |a Córdova Macías, Ricardo |d El Salvador: FUNDAUNGO, 2001 |o 17713 |t Pasos hacia una nueva convivencia: |z 9992329084 | |
| 942 | |2 ddc |c LI | ||



